<?xml version='1.0' encoding='UTF-8'?><?xml-stylesheet href='static/style.xsl' type='text/xsl'?><OAI-PMH xmlns="http://www.openarchives.org/OAI/2.0/" xmlns:xsi="http://www.w3.org/2001/XMLSchema-instance" xsi:schemaLocation="http://www.openarchives.org/OAI/2.0/ http://www.openarchives.org/OAI/2.0/OAI-PMH.xsd"><responseDate>2026-07-03T17:21:02Z</responseDate><request verb="GetRecord" identifier="oai:ebiltegia.mondragon.edu:20.500.11984/14586" metadataPrefix="marc">https://ebiltegia.mondragon.edu/oai/request</request><GetRecord><record><header><identifier>oai:ebiltegia.mondragon.edu:20.500.11984/14586</identifier><datestamp>2026-06-19T06:15:46Z</datestamp><setSpec>com_20.500.11984_473</setSpec><setSpec>com_20.500.11984_14090</setSpec><setSpec>col_20.500.11984_477</setSpec></header><metadata><record xmlns="http://www.loc.gov/MARC21/slim" xmlns:dcterms="http://purl.org/dc/terms/" xmlns:xsi="http://www.w3.org/2001/XMLSchema-instance" xmlns:doc="http://www.lyncode.com/xoai" xsi:schemaLocation="http://www.loc.gov/MARC21/slim http://www.loc.gov/standards/marcxml/schema/MARC21slim.xsd">
   <leader>00925njm 22002777a 4500</leader>
   <datafield ind2=" " ind1=" " tag="042">
      <subfield code="a">dc</subfield>
   </datafield>
   <datafield ind2=" " ind1=" " tag="720">
      <subfield code="a">Campion, Javier</subfield>
      <subfield code="e">author</subfield>
   </datafield>
   <datafield ind2=" " ind1=" " tag="720">
      <subfield code="a">Milagro, Fermin I.</subfield>
      <subfield code="e">author</subfield>
   </datafield>
   <datafield ind2=" " ind1=" " tag="720">
      <subfield code="a">Fernandez Orth, Dietmar</subfield>
      <subfield code="e">author</subfield>
   </datafield>
   <datafield ind2=" " ind1=" " tag="720">
      <subfield code="a">Martínez, J. Alfredo</subfield>
      <subfield code="e">author</subfield>
   </datafield>
   <datafield ind2=" " ind1=" " tag="260">
      <subfield code="c">2008</subfield>
   </datafield>
   <datafield ind2=" " ind1=" " tag="520">
      <subfield code="a">An enhanced oxidative stress status has been documented in obese patients and animal models, and a depletion of the antioxidant mechanisms in these conditions is a common feature. Therefore, we have tested the hypothesis that food supplementation with an antioxidant molecule such as vitamin C could prevent fat deposition induced by a high-fat diet in rodents. Ascorbic acid dietary supplementation reduced body weight and the retroperitoneal and subcutaneous fat depots in cafeteria diet-induced obese rats, without affecting food intake. Microarray technology has been applied in rat subcutaneous fat to assess the molecular mechanisms underlying the depletion of fat stores induced by ascorbic acid. Thus, expression of genes involved in cell proliferation, regulation of transcription, and host response are upregulated while a number of genes participating in lipid metabolism, cell adhesion, differentiation, and steroidogenesis (such as steroidogenic acute regulatory protein and hydroxysteroid 11-β dehydrogenase 2) are downregulated. These data provide new insights to understand that not only calories count in weight gain, but also that the antioxidant status and other mechanisms affecting energy conversion efficiency could participate in energy homeostasis, in which glucocorticoids could be involved.</subfield>
   </datafield>
   <datafield ind1="8" ind2=" " tag="024">
      <subfield code="a">1664-2821</subfield>
   </datafield>
   <datafield ind1="8" ind2=" " tag="024">
      <subfield code="a">0300-9831</subfield>
   </datafield>
   <datafield ind1="8" ind2=" " tag="024">
      <subfield code="a">https://hdl.handle.net/20.500.11984/14586</subfield>
   </datafield>
   <datafield tag="653" ind2=" " ind1=" ">
      <subfield code="a">Ascorbic acid</subfield>
   </datafield>
   <datafield tag="653" ind2=" " ind1=" ">
      <subfield code="a">obesity/overweight</subfield>
   </datafield>
   <datafield tag="653" ind2=" " ind1=" ">
      <subfield code="a">Cafeteria diet</subfield>
   </datafield>
   <datafield tag="653" ind2=" " ind1=" ">
      <subfield code="a">Microarray</subfield>
   </datafield>
   <datafield tag="653" ind2=" " ind1=" ">
      <subfield code="a">antioxidant</subfield>
   </datafield>
   <datafield tag="653" ind2=" " ind1=" ">
      <subfield code="a">glucocorticoids</subfield>
   </datafield>
   <datafield ind2="0" ind1="0" tag="245">
      <subfield code="a">Vitamin C Supplementation Influences Body Fat Mass and Steroidogenesis-Related Genes when Fed a High-Fat Diet</subfield>
   </datafield>
</record></metadata></record></GetRecord></OAI-PMH>